De los vivos y de los muertos
Gespeichert in:
| 1. Verfasser: | |
|---|---|
| Format: | Buch |
| Sprache: | Undetermined |
| Veröffentlicht: |
Moscú, Rusia
Progreso
1976
|
| Schlagworte: | |
| Tags: |
Tag hinzufügen
Keine Tags, Fügen Sie den ersten Tag hinzu!
|
MARC
| LEADER | 00000nam a2200000Ia 4500 | ||
|---|---|---|---|
| 008 | 170316s9999 xx 000 0 und d | ||
| 040 | |a cru BVZT | ||
| 090 | |a 891 S-4d | ||
| 100 | |a Simonov, konstantin | ||
| 245 | |a De los vivos y de los muertos | ||
| 260 | |a Moscú, Rusia | ||
| 260 | |b Progreso | ||
| 260 | |c 1976 | ||
| 300 | |a 555 páginas | ||
| 650 | |a LITERATURA RUSA | ||
| 999 | |c 12095 |d 12095 | ||
| 942 | |c 15 D |h 891 S-4d |2 z | ||
